000
00325nam a2200145Ia 4500
008
191201s2005 xx 000 0 und d
082
_a
658.57
_b
MAP
100
_a
MAJUMDAR, R
245
0
_a
Product Management in India
250
_a
2nd
260
_a
N.Delhi
_b
PHI
_c
2005
300
_a
347
650
_a
MBA
942
_2
ddc
_c
BK
999
_c
2886
_d
2886